Jste loutkou v rukou informačních partnerů?

Problémy súčasného informačného manažmentu - zaistenie individuálnej informačnej potreby manažéra a závislosti jeho rozhodovania na informačných zdrojoch. Vplyv informačných partnerov na výsledok rozhodovania manažéra.

Gespeichert in:
Bibliographische Detailangaben
1. Verfasser: Vodáček, Leo
Format: Buchkapitel
Sprache:Tschechisch
Schlagworte:
Tags: Tag hinzufügen
Keine Tags, Fügen Sie das erste Tag hinzu!

MARC

LEADER 00000naa a2200000 4500
001 r018514
005 20221208131007.3
041 0 |a cze 
044 |a CZ 
245 1 0 |a Jste loutkou v rukou informačních partnerů?  |c Leo Vodáček 
520 |a Problémy súčasného informačného manažmentu - zaistenie individuálnej informačnej potreby manažéra a závislosti jeho rozhodovania na informačných zdrojoch. Vplyv informačných partnerov na výsledok rozhodovania manažéra. 
610 2 0 |a manažment informačný 
610 2 0 |a zdroje informácií 
610 2 0 |a informácie 
610 2 0 |a procesy rozhodovacie 
610 2 0 |a manažéri 
100 1 |a Vodáček, Leo